Modelado a escala reducida de paredes de mamposteria confinada de ladrillo y bloques sometidas a cargas monotonica creciente
Kaydedildi:
| Yazar: | |
|---|---|
| Materyal Türü: | Kitap |
| Baskı/Yayın Bilgisi: |
San José, C.R.,
2000
|
| Konular: | |
| Etiketler: |
Etiketle
Etiket eklenmemiş, İlk siz ekleyin!
|
MARC
| LEADER | 00000nam a2200000Ia 4500 | ||
|---|---|---|---|
| 003 | 008646 | ||
| 005 | 20221231144205.0 | ||
| 008 | 140114s2000 cr a m 000 0|s d | ||
| 040 | |c cru CEDI | ||
| 090 | |a TFG 4258 | ||
| 100 | |a Acosta Zamora, Maureen Lorena |9 7958 | ||
| 245 | |a Modelado a escala reducida de paredes de mamposteria confinada de ladrillo y bloques sometidas a cargas monotonica creciente | ||
| 260 | |c 2000 |a San José, C.R., | ||
| 300 | |a xi, 105 hojas | ||
| 500 | |a Tesis Tesis (licenciatura en ingeniería civil)--Universidad de Costa Rica. Facultad de Ingeniería. Escuela de Ingeniería Civil | ||
| 650 | |x MAMPOSTERIA |x MUROS |x MUROS LinkMATERIALES DE CONSTRUCCION |9 7959 | ||
| 942 | |c TFG | ||
| 999 | |c 18196 |d 18196 | ||
